| 000 | 00701nam a22001817a 4500 | ||
|---|---|---|---|
| 999 |
_c18200 _d18200 |
||
| 003 | AR-CdUCM | ||
| 008 | 190513b ||||| |||| 00| 0 spa d | ||
| 040 |
_aMUNICIPALIDAD PROVINCIAL DEL CUSCO _cBIBLIOTECA MUNICIPAL DEL CUSCO |
||
| 082 |
_a869.55 / _bG22 |
||
| 100 |
_aGalarreta Gonzales, Julio _912965 |
||
| 245 | _aAbelardo Gamarra en la critica literaria / | ||
| 260 |
_aLima : _bVillanueva, _c1972. |
||
| 300 |
_a152 páginas ; _c22 cm. |
||
| 505 | _aEl porqué de este ensayo -- La crítica en torno Abelardo Gamarra -- El hombre y el ciudadano -- Escritor peruano representativo -- Originalidad e influencias... | ||
| 650 |
_aAbelardo Gamarra. _938659 |
||
| 942 |
_2ddc _cLIBROS |
||
| 945 | _awfj | ||